Regional (Record no. 78369)
[ view plain ]
| 000 -LEADER | |
|---|---|
| fixed length control field | 00719cab a2200205 4500 |
| 001 - CONTROL NUMBER | |
| control field | L136613 |
| 008 - FIXED-LENGTH DATA ELEMENTS--GENERAL INFORMATION | |
| fixed length control field | 070212n 000 0 eng u |
| 035 ## - SYSTEM CONTROL NUMBER | |
| System control number | (Sirsi) u136613 |
| 041 0# - LANGUAGE CODE | |
| Language code of text/sound track or separate title | eng |
| 100 1# - MAIN ENTRY--PERSONAL NAME | |
| Personal name | Barrett, Claer |
| 245 00 - TITLE STATEMENT | |
| Title | Regional |
| Remainder of title | Midtown, Euston and King's Cross |
| 490 #0 - SERIES STATEMENT | |
| Series statement | Property Week |
| Volume/sequential designation | 72(6) 9 February 2007, 97-111(8) |
| 520 ## - SUMMARY, ETC. | |
| Summary, etc. | Discusses a media group's move to offices at King's Cross, the rising office rents in Midtown and the conversion of the Bow Street Magistrates Court into a luxury hotel |
| 590 ## - LOCAL NOTE (RLIN) | |
| Local note | KA |
| 651 #4 - SUBJECT ADDED ENTRY--GEOGRAPHIC NAME | |
| Geographic name | CENTRAL LONDON |
| 690 ## - LOCAL SUBJECT ADDED ENTRY--TOPICAL TERM (OCLC, RLIN) | |
| Topical term or geographic name as entry element | PROPERTY-COMMERCIAL PROPERTY-COMMERCIAL PROPERTY MARKET |
| 700 1# - ADDED ENTRY--PERSONAL NAME | |
| Personal name | Shepherd, Mark |
| 700 1# - ADDED ENTRY--PERSONAL NAME | |
| Personal name | Stockdale, Lydia |
| 942 ## - ADDED ENTRY ELEMENTS (KOHA) | |
| Suppress in OPAC | 0 |
| Withdrawn status | Lost status | Source of classification or shelving scheme | Damaged status | Not for loan | Home library | Current library | Shelving location | Date acquired | Total Checkouts | Full call number | Barcode | Date last seen | Copy number | Price effective from | Koha item type |
|---|---|---|---|---|---|---|---|---|---|---|---|---|---|---|---|
| Dewey Decimal Classification | London | London | Journal article | 12/02/2007 | L136613 | 136613-1001 | 06/08/2019 | 1 | 06/08/2019 | Journal article |